| 000 | 00480nam a2200145Ia 4500 | ||
|---|---|---|---|
| 008 | 231129s2007||||xx |||||||||||||| ||spa|| | ||
| 020 | _a978-958-701-807-3 | ||
| 040 | _bspa | ||
| 082 | _a667.9 P438r | ||
| 100 | _aPérez Gómez Luis Alfonso | ||
| 245 | 0 | _aRecomendaciones para procesos constructivos en revestimientos pétreos de fachadas | |
| 260 | _c2007 | ||
| 264 | _aUniversidad Nacional de Colombia. Facultad de Artes | ||
| 942 |
_2ddc _cBKS |
||
| 999 |
_c23775 _d23775 |
||